00881cam a22002535a 4500001001000000003000400010005001700014008004100031020003000072040002600102082002100128245005200149250002500201260004300226300004000269504005100309650003400360651001000394653002500404700003000429942000800459999001700467952014300484016307012OSt20160215151748.0130326t2013 njua frb 001 0 eng d a9781118318676 (paperback) aUkbengcUkdEG-ScBUE04a620.106222bFLU00aFluid mechanics /cBruce R. Munson ... [et al.] a7th ed., SI version. aHoboken :bJohn Wiley & Sons,cc.2013. a(Various pagings) :bill. ;c28 cm. aIncludes bibliographical references and index. 7aFluid mechanics.2BUEsh95179 2BUEsh bENGMECcFebruary20161 aMunson, Bruce Roy,d1940- 2ddc c21156d21128 00102ddc40708AcademicaMAINbMAINc1STd2016-02-15ePurchaseg494.50h4859l0o620.106 FLUp000031557r2025-07-15 00:00:00v618.50yBB